000 00869cam a22002054a 4500
005 20250605164208.0
008 250528s ||||||||||||||||||||||||d
035 _a20114
020 _a72303
040 _aGR-AtMCL
_bgre
_dGR-AtMCL
_eAACR2
245 1 _aBrookings Papers on Economic Activity 2 / 1995
260 _bBrookings Institution,
_c1995
300 _a438
520 _aPlant-Level Adjustment and Aggregate Investment Dynamics, The Transformation of the U.S. Banking Industry: What a Long and Strange Trip It's Been, Currency Crises and Collapses, Stock Ownership Patterns and Stock Market Fluctuations and Consumption, What Do Cross-Country Studies Teach about Government Involvment and Prosperity and Economic Growth?.
700 1 _aBrainard William C
_96162
700 1 _aPerry George L
_96163
942 _cBK
999 _c5253
_d5253